| 000 | 00777nam a2200229Mi 4500 | ||
|---|---|---|---|
| 005 | 20100726125122.0 | ||
| 008 | 081229s2008 fr f i000 0 eng d | ||
| 020 | _a9789287162175 | ||
| 020 | _a9287162174 | ||
| 035 | _a(OCoLC)451595004 | ||
| 044 |
_afr _cfra |
||
| 080 | _a342.7 | ||
| 100 | 1 |
_aMole, Nuala. _4aut |
|
| 245 | 0 | 0 |
_aAsylum and the European convention on human rights / _cNuala Mole. |
| 250 | _a4th ed. | ||
| 260 |
_aStrasbourg : _bCouncil of Europe, _ccop. 2008. |
||
| 300 |
_a149 str. ; _c24 cm. |
||
| 490 | 1 | _aMigration collection | |
| 653 | 0 |
_aevropsko pravo _ačlovekove pravice _amednarodno pravo _akonvencije _aazil |
|
| 830 | 0 | _aMigration collection. | |
| 999 |
_c637 _d637 |
||